[Event "Wolrd Chess Olympiad 2018"]
[Site "Batumi"]
[Date "2018.09.25"]
[Round "2"]
[Board "2"]
[WhiteFideId "31900097"]
[White "Fernandes Tomas"]
[BlackFideId "6100775"]
[Black "Rocha Maximiliano"]
[Result "0-1"]
[LiveChessVersion "1.4.8"]
[BlackElo "2185"]
[WhiteElo "1627"]

1. Nc3 {[%clk 1:26:35]} d5 {[%clk 1:30:24]} 2. d4 {[%clk 1:26:52]} Nf6
{[%clk 1:29:10]} 3. Nf3 {[%clk 1:26:55]} Bg4 {[%clk 1:28:19]} 4. Ne5
{[%clk 1:26:38]} Bf5 {[%clk 1:26:55]} 5. e3 {[%clk 1:26:20]} e6 {[%clk 1:27:01]}
6. Bd3 {[%clk 1:25:12]} Bxd3 {[%clk 1:25:58]} 7. Qxd3 {[%clk 1:25:17]} Nbd7
{[%clk 1:25:53]} 8. Qb5 {[%clk 1:24:02]} Qc8 {[%clk 1:26:09]} 9. O-O
{[%clk 1:22:01]} Bd6 {[%clk 1:26:25]} 10. f4 {[%clk 1:21:36]} O-O
{[%clk 1:25:45]} 11. b3 {[%clk 1:21:09]} a6 {[%clk 1:22:46]} 12. Qe2
{[%clk 1:20:26]} Bb4 {[%clk 1:22:05]} 13. Bb2 {[%clk 1:20:16]} Bxc3
{[%clk 1:22:27]} 14. Bxc3 {[%clk 1:20:28]} Ne4 {[%clk 1:22:50]} 15. Bb2
{[%clk 1:20:11]} f5 {[%clk 1:20:21]} 16. Nf3 {[%clk 1:17:36]} Ndf6
{[%clk 1:19:10]} 17. c4 {[%clk 1:16:42]} c6 {[%clk 1:19:19]} 18. Rac1
{[%clk 1:16:49]} Qd8 {[%clk 1:18:31]} 19. Rc2 {[%clk 1:12:55]} Qe7
{[%clk 1:17:20]} 20. Ne5 {[%clk 1:11:51]} Kh8 {[%clk 1:16:43]} 21. Rf3
{[%clk 1:11:07]} Ng4 {[%clk 1:13:38]} 22. Rh3 {[%clk 1:11:25]} Nxe5
{[%clk 1:12:48]} 23. dxe5 {[%clk 1:10:56]} Rfd8 {[%clk 1:08:57]} 24. Rc1
{[%clk 1:06:40]} Rd7 {[%clk 1:04:24]} 25. cxd5 {[%clk 1:05:03]} Rxd5
{[%clk 1:04:03]} 26. Rd1 {[%clk 1:02:58]} Rad8 {[%clk 1:03:35]} 27. Rxd5
{[%clk 1:03:19]} Rxd5 {[%clk 1:03:26]} 28. Bc1 {[%clk 0:57:23]} Qc5
{[%clk 1:01:12]} 29. Bb2 {[%clk 0:50:27]} g6 {[%clk 1:01:19]} 30. Qe1
{[%clk 0:48:34]} Qc2 {[%clk 0:58:59]} 31. Bd4 {[%clk 0:41:57]} c5
{[%clk 0:58:51]} 32. Rxh7+ {[%clk 0:42:25]} Kxh7 {[%clk 0:59:05]} 33. Qh4+
{[%clk 0:42:51]} Kg8 {[%clk 0:59:22]} 34. h3 cxd4 35. Qe7 Qc6 36. exd4
{[%clk 0:40:32]} Qd7 {[%clk 0:59:42]} 37. Qh4 {[%clk 0:39:47]} Rxd4
{[%clk 0:59:45]} 38. Qh6 {[%clk 0:40:12]} Qh7 {[%clk 0:59:55]} 39. Qxh7+
{[%clk 0:40:19]} Kxh7 {[%clk 1:00:22]} 40. g4 Rd2 41. gxf5 gxf5 42. Kf1
{[%clk 0:39:18]} Kg6 {[%clk 1:00:46]} 43. Ke1 {[%clk 0:39:18]} Kh5
{[%clk 1:31:08]} 44. Kf1 Kh4 45. Ke1 {[%clk 1:09:02]} Kg3 {[%clk 1:30:37]} 46. h4
{[%clk 1:09:30]} Kf3 {[%clk 1:30:52]} 47. h5 {[%clk 1:09:38]} Ke3
{[%clk 1:31:13]} 48. Kf1 {[%clk 1:09:46]} Re2 {[%clk 1:31:00]} 49. h6
{[%clk 1:10:14]} Ng3+ {[%clk 1:31:03]} 50. Kg1 {[%clk 1:10:41]} Kf3
{[%clk 1:31:09]} 51. h7 {[%clk 1:10:55]} Rg2# 0-1

[Event "Wolrd Chess Olympiad 2018"]
[Site "Batumi"]
[Date "2018.09.25"]
[Round "2"]
[Board "4"]
[WhiteFideId "31900348"]
[White "Fatima Jose"]
[BlackFideId "6100376"]
[Black "Picado Jorge"]
[Result "0-1"]
[LiveChessVersion "1.4.8"]
[BlackElo "2143"]
[WhiteElo "1587"]

1. e4 {[%clk 1:30:30]} c5 {[%clk 1:30:56]} 2. Nc3 {[%clk 1:30:13]} a6
{[%clk 1:31:10]} 3. Nf3 {[%clk 1:26:14]} Nc6 {[%clk 1:30:43]} 4. Bc4
{[%clk 1:23:03]} e6 {[%clk 1:31:10]} 5. O-O {[%clk 1:21:42]} b5 {[%clk 1:31:33]}
6. Be2 {[%clk 1:21:48]} Bb7 {[%clk 1:31:34]} 7. d3 {[%clk 1:19:56]} d6
{[%clk 1:30:49]} 8. Be3 {[%clk 1:19:37]} Nf6 {[%clk 1:31:10]} 9. h3
{[%clk 1:17:56]} Be7 {[%clk 1:31:31]} 10. Qd2 {[%clk 1:15:18]} O-O
{[%clk 1:29:08]} 11. a3 {[%clk 1:15:20]} d5 {[%clk 1:28:35]} 12. exd5
{[%clk 1:10:17]} Nxd5 {[%clk 1:29:02]} 13. Nxd5 {[%clk 1:10:13]} Qxd5
{[%clk 1:29:05]} 14. Rad1 {[%clk 1:07:48]} Nd4 {[%clk 1:29:17]} 15. c4
{[%clk 1:04:57]} Nxe2+ {[%clk 1:27:00]} 16. Qxe2 {[%clk 1:04:55]} Qh5
{[%clk 1:26:54]} 17. Rd2 {[%clk 0:59:10]} Rfd8 {[%clk 1:21:02]} 18. Re1
{[%clk 0:56:46]} Rd7 {[%clk 1:19:01]} 19. Ng5 {[%clk 0:52:16]} Qxe2
{[%clk 1:18:27]} 20. Rexe2 {[%clk 0:52:07]} Rad8 {[%clk 1:17:52]} 21. Ne4
{[%clk 0:47:03]} Bxe4 {[%clk 1:10:47]} 22. dxe4 {[%clk 0:46:35]} Rxd2
{[%clk 1:10:12]} 23. Rxd2 {[%clk 0:46:39]} Rxd2 {[%clk 1:10:35]} 24. Bxd2 bxc4
25. Kf1 {[%clk 0:44:13]} Bf6 {[%clk 1:10:13]} 26. Bc3 {[%clk 0:44:03]} Bd4
{[%clk 1:09:54]} 27. Ke2 {[%clk 0:43:48]} Kf8 {[%clk 1:08:57]} 28. f3
{[%clk 0:42:53]} Ke7 {[%clk 1:09:17]} 29. Kd2 {[%clk 0:39:44]} Kd6
{[%clk 1:09:32]} 30. Kc2 {[%clk 0:39:27]} f5 {[%clk 1:09:09]} 31. exf5
{[%clk 0:33:01]} exf5 {[%clk 1:09:37]} 32. Bd2 {[%clk 0:32:58]} h6
{[%clk 1:07:46]} 33. Bf4+ {[%clk 0:26:14]} Be5 {[%clk 1:06:12]} 34. g3
{[%clk 0:23:11]} g5 {[%clk 0:52:13]} 35. Bxe5+ {[%clk 0:22:02]} Kxe5
{[%clk 0:52:35]} 36. Kc3 {[%clk 0:22:20]} Kd5 {[%clk 0:52:42]} 37. a4
{[%clk 0:21:25]} h5 {[%clk 0:51:18]} 38. g4 {[%clk 0:16:54]} fxg4
{[%clk 0:49:57]} 39. fxg4 {[%clk 0:16:52]} hxg4 {[%clk 0:50:20]} 40. hxg4
{[%clk 0:16:41]} a5 {[%clk 0:50:37]} 41. Kd2 {[%clk 0:14:40]} Kd4
{[%clk 1:18:42]} 42. Kc2 {[%clk 0:44:13]} c3 {[%clk 1:18:10]} 43. b3
{[%clk 0:44:00]} c4 {[%clk 1:18:25]} 44. bxc4 {[%clk 0:35:40]} Kxc4
{[%clk 1:18:44]} 45. Kc1 {[%clk 0:35:35]} Kb3 {[%clk 1:18:53]} 46. Kb1
{[%clk 0:35:52]} Kxa4 {[%clk 1:19:13]} 47. Kc2 {[%clk 0:35:14]} Kb4
{[%clk 1:19:35]} 48. Kb1 {[%clk 0:35:30]} Kb3 {[%clk 1:19:52]} 49. Ka1
{[%clk 0:35:51]} Kc4 {[%clk 1:20:03]} 50. Kb1 {[%clk 0:36:19]} Kd3
{[%clk 1:20:22]} 51. Kc1 {[%clk 0:36:30]} c2 {[%clk 1:20:45]} 0-1

[Event "Wolrd Chess Olympiad 2018"]
[Site "Batumi"]
[Date "2018.09.25"]
[Round "2"]
[Board "2"]
[WhiteFideId "8710651"]
[White "Mohamed Ali Djama"]
[BlackFideId "9910760"]
[Black "Doluweera Minul Sanjula"]
[Result "0-1"]
[LiveChessVersion "1.4.8"]
[BlackElo "2171"]
[WhiteElo "1662"]

1. e4 {[%clk 1:24:21]} d6 {[%clk 1:28:12]} 2. d4 {[%clk 1:24:48]} Nf6
{[%clk 1:28:34]} 3. Nc3 {[%clk 1:24:53]} Nbd7 {[%clk 1:28:58]} 4. Be3
{[%clk 1:24:58]} e5 {[%clk 1:29:12]} 5. Nf3 {[%clk 1:25:00]} Be7 {[%clk 1:29:16]}
6. h3 {[%clk 1:25:21]} c6 {[%clk 1:29:28]} 7. Bd3 {[%clk 1:24:21]} Qc7
{[%clk 1:25:49]} 8. Qd2 {[%clk 1:24:04]} Nf8 {[%clk 1:17:38]} 9. O-O-O
{[%clk 1:24:03]} b5 {[%clk 1:14:52]} 10. g4 {[%clk 1:21:25]} b4 {[%clk 1:01:46]}
11. Ne2 {[%clk 1:19:38]} a5 {[%clk 0:56:58]} 12. Ng3 {[%clk 1:19:48]} h6
{[%clk 0:49:44]} 13. Kb1 {[%clk 1:18:07]} g5 {[%clk 0:37:52]} 14. b3
{[%clk 1:11:02]} Be6 {[%clk 0:32:28]} 15. Nf5 {[%clk 1:06:54]} Bxf5
{[%clk 0:32:18]} 16. gxf5 {[%clk 1:07:23]} N8d7 {[%clk 0:30:09]} 17. Rhg1
{[%clk 1:06:30]} Rg8 {[%clk 0:23:51]} 18. Nh2 {[%clk 1:03:05]} d5
{[%clk 0:16:36]} 19. f3 {[%clk 0:57:04]} exd4 {[%clk 0:12:56]} 20. Bxd4
{[%clk 0:57:20]} c5 {[%clk 0:13:11]} 21. Bxf6 {[%clk 0:57:30]} Bxf6
{[%clk 0:13:29]} 22. exd5 {[%clk 0:57:24]} Kf8 {[%clk 0:11:32]} 23. Ng4
{[%clk 0:55:59]} Bc3 {[%clk 0:10:22]} 24. Qc1 {[%clk 0:55:25]} a4
{[%clk 0:09:26]} 25. d6 {[%clk 0:53:57]} Qc8 {[%clk 0:05:57]} 26. Bc4
{[%clk 0:50:10]} axb3 {[%clk 0:04:11]} 27. Bxb3 {[%clk 0:50:12]} c4
{[%clk 0:04:30]} 28. Qe3 {[%clk 0:50:20]} cxb3 {[%clk 0:04:16]} 29. cxb3
{[%clk 0:47:58]} Qe8 {[%clk 0:04:26]} 30. Qxe8+ {[%clk 0:48:20]} Rxe8
{[%clk 0:04:36]} 31. Rd3 {[%clk 0:47:13]} Re2 {[%clk 0:03:55]} 32. Ne3
{[%clk 0:43:29]} Rb2+ {[%clk 0:03:26]} 33. Kc1 {[%clk 0:43:53]} Rxa2
{[%clk 0:03:51]} 34. Rg4 {[%clk 0:43:50]} Kg7 {[%clk 0:03:04]} 35. Re4
{[%clk 0:43:22]} Nc5 {[%clk 0:02:44]} 36. Rxc3 {[%clk 0:43:08]} bxc3
{[%clk 0:02:58]} 37. Rc4 {[%clk 0:43:31]} Nd3+ {[%clk 0:03:04]} 38. Kd1
{[%clk 0:43:44]} Rd2# {[%clk 0:03:28]} 0-1

[Event "Wolrd Chess Olympiad 2018"]
[Site "Batumi"]
[Date "2018.09.25"]
[Round "2"]
[Board "3"]
[WhiteFideId "9900993"]
[White "Alahakoon Isuru"]
[BlackFideId "32500173"]
[Black "Mohamed Ali Dima"]
[Result "1-0"]
[LiveChessVersion "1.4.8"]
[BlackElo "1576"]
[WhiteElo "2121"]

1. Nf3 {[%clk 1:25:20]} e6 {[%clk 1:30:02]} 2. d4 {[%clk 1:25:15]} g6
{[%clk 1:30:18]} 3. Bg5 {[%clk 1:25:05]} Be7 {[%clk 1:29:51]} 4. h4
{[%clk 1:25:19]} b6 {[%clk 1:29:44]} 5. Nc3 {[%clk 1:25:31]} Bb7 {[%clk 1:29:57]}
6. e4 {[%clk 1:25:56]} h6 {[%clk 1:29:35]} 7. Bf4 {[%clk 1:25:08]} d6
{[%clk 1:29:46]} 8. Bd3 {[%clk 1:24:19]} Nd7 {[%clk 1:28:58]} 9. Qe2
{[%clk 1:24:33]} a6 {[%clk 1:28:56]} 10. O-O-O {[%clk 1:24:50]} b5
{[%clk 1:26:03]} 11. h5 {[%clk 1:16:25]} g5 {[%clk 1:25:45]} 12. Bg3
{[%clk 1:16:36]} b4 {[%clk 1:26:06]} 13. Nb1 {[%clk 1:16:57]} a5 {[%clk 1:24:48]}
14. Bb5 {[%clk 1:15:39]} c6 {[%clk 1:24:52]} 15. Bd3 {[%clk 1:13:37]} a4
{[%clk 1:24:18]} 16. Nbd2 {[%clk 1:04:57]} b3 {[%clk 1:21:22]} 17. axb3
{[%clk 1:05:07]} a3 {[%clk 1:20:18]} 18. bxa3 {[%clk 1:04:59]} Rxa3
{[%clk 1:20:32]} 19. Nc4 {[%clk 1:03:25]} Ra2 {[%clk 1:20:32]} 20. Bxd6
{[%clk 1:02:02]} Qa8 {[%clk 1:16:54]} 21. Nfd2 {[%clk 0:58:09]} Bxd6
{[%clk 1:08:01]} 22. Nxd6+ {[%clk 0:58:32]} Ke7 {[%clk 1:08:26]} 23. N2c4
{[%clk 0:57:23]} Ba6 {[%clk 1:04:56]} 24. e5 {[%clk 0:55:37]} Bxc4
{[%clk 1:04:09]} 25. Nxc4 {[%clk 0:55:53]} Kf8 {[%clk 1:02:32]} 26. Qf3
{[%clk 0:55:28]} Ne7 {[%clk 1:00:56]} 27. Bg6 {[%clk 0:54:34]} Nf5
{[%clk 0:59:19]} 28. Bxf5 {[%clk 0:54:47]} exf5 {[%clk 0:59:34]} 29. Qxf5
{[%clk 0:55:12]} Qe8 {[%clk 0:59:05]} 30. Rhe1 {[%clk 0:50:43]} Qe6
{[%clk 0:57:23]} 31. Qf3 {[%clk 0:50:00]} Kg7 {[%clk 0:52:21]} 32. d5
{[%clk 0:47:54]} cxd5 {[%clk 0:52:43]} 33. Rxd5 {[%clk 0:48:04]} Nb6
{[%clk 0:50:21]} 34. Qf6+ {[%clk 0:47:18]} Kh7 {[%clk 0:49:44]} 35. Nxb6
{[%clk 0:46:58]} Re8 {[%clk 0:48:07]} 36. Qxe6 {[%clk 0:47:10]} Rxe6
{[%clk 0:47:59]} 37. Kb1 {[%clk 0:47:18]} Ra7 {[%clk 0:46:58]} 38. Nd7
{[%clk 0:47:39]} Rea6 {[%clk 0:46:38]} 39. Nf6+ {[%clk 0:47:47]} Kg7
{[%clk 0:46:59]} 40. Rd8 {[%clk 1:17:43]} Rxf6 {[%clk 1:15:23]} 41. exf6+
{[%clk 1:18:06]} Kxf6 {[%clk 1:15:43]} 42. Rh8 {[%clk 1:18:15]} g4
{[%clk 1:13:40]} 43. Rxh6+ {[%clk 1:18:27]} Kg5 {[%clk 1:13:42]} 44. Rh8
{[%clk 1:18:46]} f6 {[%clk 1:13:09]} 45. h6 {[%clk 1:19:04]} Kg6 {[%clk 1:13:19]}
46. Rh1 {[%clk 1:19:03]} Rh7 {[%clk 1:08:36]} 47. Rxh7 {[%clk 1:19:13]} Kxh7
{[%clk 1:09:02]} 48. b4 {[%clk 1:19:36]} f5 {[%clk 1:09:19]} 1-0

[Event "World Chess Olympiad 2018"]
[Site "Batumi"]
[Date "2018.09.25"]
[Round "2"]
[Board "2"]
[WhiteFideId "16601661"]
[White "Tan Santiago Jr"]
[BlackFideId "6600913"]
[Black "Leon Orlando"]
[Result "0-1"]
[LiveChessVersion "1.4.8"]
[BlackElo "2196"]
[WhiteElo "1823"]

1. d4 {[%clk 1:30:21]} d5 {[%clk 1:30:47]} 2. c4 {[%clk 1:29:57]} c6
{[%clk 1:31:03]} 3. Nc3 {[%clk 1:29:53]} Nf6 {[%clk 1:31:12]} 4. Bf4
{[%clk 1:29:09]} dxc4 {[%clk 1:29:12]} 5. Nf3 {[%clk 1:22:22]} b5
{[%clk 1:21:09]} 6. a3 {[%clk 1:17:50]} Bb7 {[%clk 1:12:53]} 7. e4
{[%clk 1:14:35]} e6 {[%clk 1:12:40]} 8. Bg5 {[%clk 1:12:28]} Be7 {[%clk 1:12:22]}
9. Be2 {[%clk 1:10:49]} Nbd7 {[%clk 1:12:33]} 10. Qc2 {[%clk 1:10:53]} h6
{[%clk 1:12:18]} 11. Bf4 {[%clk 1:09:00]} a6 {[%clk 1:11:42]} 12. Rd1
{[%clk 1:03:10]} O-O {[%clk 1:11:44]} 13. O-O {[%clk 1:01:28]} Re8
{[%clk 1:11:39]} 14. h3 {[%clk 1:01:18]} Qb6 {[%clk 1:09:27]} 15. Be3
{[%clk 1:00:57]} Qc7 {[%clk 1:09:46]} 16. Qd2 {[%clk 0:47:39]} c5
{[%clk 1:05:30]} 17. d5 {[%clk 0:41:06]} b4 {[%clk 1:04:10]} 18. dxe6
{[%clk 0:33:31]} fxe6 {[%clk 0:43:19]} 19. Nb1 {[%clk 0:32:46]} Bxe4
{[%clk 0:32:08]} 20. Bxc4 {[%clk 0:32:01]} Nd5 {[%clk 0:29:32]} 21. Qe2
{[%clk 0:28:52]} N7b6 {[%clk 0:22:58]} 22. Nbd2 {[%clk 0:22:41]} Nxc4
{[%clk 0:20:16]} 23. Qxc4 {[%clk 0:21:43]} Nxe3 {[%clk 0:19:53]} 24. fxe3
{[%clk 0:21:26]} Bd5 {[%clk 0:19:01]} 25. Qg4 {[%clk 0:19:50]} Bf6
{[%clk 0:18:05]} 26. axb4 {[%clk 0:18:32]} cxb4 {[%clk 0:16:51]} 27. Qxb4
{[%clk 0:18:23]} Reb8 {[%clk 0:14:25]} 28. Qg4 {[%clk 0:16:38]} Rxb2
{[%clk 0:14:10]} 29. Ne4 {[%clk 0:16:36]} Bxe4 {[%clk 0:07:54]} 30. Qxe6+
{[%clk 0:16:31]} Qf7 {[%clk 0:08:06]} 31. Qxe4 {[%clk 0:16:50]} Re8
{[%clk 0:08:25]} 32. Qf4 {[%clk 0:16:42]} Qa2 {[%clk 0:07:57]} 33. Qg4
{[%clk 0:14:55]} Rxe3 {[%clk 0:03:49]} 34. Rde1 {[%clk 0:15:00]} Rxe1
{[%clk 0:01:45]} 35. Rxe1 {[%clk 0:15:24]} Rb8 {[%clk 0:02:02]} 36. Qh5
{[%clk 0:15:26]} Qa4 {[%clk 0:01:01]} 37. Qd5+ {[%clk 0:15:40]} Kh8
{[%clk 0:01:13]} 38. Qd6 {[%clk 0:15:24]} Rd8 {[%clk 0:01:21]} 39. Qg3
{[%clk 0:15:32]} Qb3 {[%clk 0:00:44]} 40. Qg6 {[%clk 0:45:36]} Qb5
{[%clk 0:30:46]} 41. Nh2 {[%clk 0:45:22]} a5 {[%clk 0:24:22]} 42. Ng4
{[%clk 0:45:15]} Bd4+ {[%clk 0:22:31]} 43. Kh1 {[%clk 0:45:32]} Rf8
{[%clk 0:22:42]} 44. Kh2 {[%clk 0:40:00]} a4 {[%clk 0:12:37]} 45. h4
{[%clk 0:33:49]} a3 {[%clk 0:10:51]} 46. Re7 {[%clk 0:14:59]} Qf5
{[%clk 0:09:43]} 47. Qxf5 {[%clk 0:12:59]} Rxf5 {[%clk 0:10:02]} 48. Re8+
{[%clk 0:13:17]} Kh7 {[%clk 0:10:30]} 49. Ra8 {[%clk 0:13:32]} h5
{[%clk 0:10:23]} 50. Rxa3 {[%clk 0:13:17]} hxg4 {[%clk 0:10:32]} 51. Kg3
{[%clk 0:13:32]} Be5+ {[%clk 0:04:32]} 52. Kxg4 {[%clk 0:13:41]} Rf4+
{[%clk 0:04:58]} 53. Kh3 {[%clk 0:13:39]} Rc4 {[%clk 0:05:08]} 54. Re3
{[%clk 0:13:41]} Bf6 {[%clk 0:05:05]} 55. g3 {[%clk 0:13:53]} Kg6
{[%clk 0:05:23]} 56. Rd3 {[%clk 0:14:06]} Kf5 {[%clk 0:05:10]} 57. Rf3+
{[%clk 0:14:11]} Ke5 {[%clk 0:04:15]} 58. Re3+ {[%clk 0:14:22]} Kd4
{[%clk 0:04:24]} 59. Rf3 {[%clk 0:14:41]} Be5 {[%clk 0:04:05]} 60. h5
{[%clk 0:14:51]} Ke4 {[%clk 0:04:18]} 61. Rb3 {[%clk 0:15:09]} Kf5
{[%clk 0:03:51]} 62. Rf3+ {[%clk 0:14:32]} Kg5 {[%clk 0:04:06]} 63. Re3
{[%clk 0:12:49]} Bf6 {[%clk 0:04:22]} 64. Rd3 {[%clk 0:12:53]} Kxh5
{[%clk 0:04:38]} 65. Rd5+ {[%clk 0:13:15]} Kg6 {[%clk 0:04:56]} 66. Rb5
{[%clk 0:13:35]} Kf7 {[%clk 0:04:58]} 67. Kg2 {[%clk 0:13:43]} Ke6
{[%clk 0:05:13]} 68. Kf3 {[%clk 0:14:02]} Be5 {[%clk 0:05:21]} 69. Rb6+
{[%clk 0:10:06]} Kf5 {[%clk 0:05:31]} 70. Rb5 {[%clk 0:10:10]} Rc3+
{[%clk 0:05:22]} 71. Kf2 {[%clk 0:10:31]} Ke4 {[%clk 0:04:22]} 72. Rb4+
{[%clk 0:10:43]} Kf5 {[%clk 0:03:48]} 73. Rb5 {[%clk 0:11:04]} g5
{[%clk 0:04:06]} 74. Kg2 {[%clk 0:11:12]} Rxg3+ {[%clk 0:04:26]} 75. Kf2
{[%clk 0:11:24]} Ra3 {[%clk 0:04:54]} 76. Kg2 {[%clk 0:11:26]} g4
{[%clk 0:05:21]} 77. Rb7 {[%clk 0:11:08]} Ra2+ {[%clk 0:05:43]} 78. Kf1
{[%clk 0:11:25]} Ke4 {[%clk 0:06:01]} 79. Rf7 {[%clk 0:11:35]} g3
{[%clk 0:06:19]} 80. Rf8 {[%clk 0:11:16]} g2+ {[%clk 0:06:33]} 0-1

[Event "World Chess Olympiad 2018"]
[Site "Batumi"]
[Date "2018.09.25"]
[Round "2"]
[Board "3"]
[WhiteFideId "9800069"]
[White "Hoareau Benjamin"]
[BlackFideId "21200203"]
[Black "Kouya Tyeoulou Bernardin Franklin"]
[Result "0-1"]
[LiveChessVersion "1.4.8"]
[BlackElo "1753"]
[WhiteElo "1820"]

1. Nf3 {[%clk 1:30:21]} Nf6 {[%clk 1:30:00]} 2. b3 {[%clk 1:30:16]} d5
{[%clk 1:29:47]} 3. Bb2 {[%clk 1:30:25]} e6 {[%clk 1:30:05]} 4. d4
{[%clk 1:30:19]} Be7 {[%clk 1:28:29]} 5. g3 {[%clk 1:28:59]} Nbd7
{[%clk 1:26:02]} 6. Bg2 {[%clk 1:29:12]} O-O {[%clk 1:26:01]} 7. O-O
{[%clk 1:29:24]} b5 {[%clk 1:25:10]} 8. h3 {[%clk 1:29:28]} Bb7 {[%clk 1:25:18]}
9. Kh2 {[%clk 1:29:47]} c5 {[%clk 1:25:24]} 10. Rh1 {[%clk 1:29:48]} Ne4
{[%clk 1:25:08]} 11. Rf1 {[%clk 1:29:49]} Qc7 {[%clk 1:24:58]} 12. Ne5
{[%clk 1:30:05]} cxd4 {[%clk 1:15:41]} 13. Nxd7 {[%clk 1:30:21]} Qxd7
{[%clk 1:16:09]} 14. Bxd4 {[%clk 1:30:35]} Nf6 {[%clk 1:16:12]} 15. f4
{[%clk 1:30:52]} Rac8 {[%clk 1:16:11]} 16. Nd2 {[%clk 1:30:53]} a6
{[%clk 1:16:22]} 17. Rc1 {[%clk 1:31:09]} Qc7 {[%clk 1:13:24]} 18. Kh1
{[%clk 1:29:23]} Ba3 {[%clk 1:13:31]} 19. Rb1 {[%clk 1:29:41]} Qxc2
{[%clk 1:13:50]} 20. Qe1 {[%clk 1:29:37]} Bb4 {[%clk 1:13:47]} 21. Rd1
{[%clk 1:29:37]} Qxa2 {[%clk 1:13:46]} 22. Bxf6 {[%clk 1:29:45]} gxf6
{[%clk 1:14:02]} 23. e3 {[%clk 1:29:59]} Rc2 {[%clk 1:13:45]} 24. Rf2
{[%clk 1:30:14]} Rfc8 {[%clk 1:13:17]} 25. Kh2 {[%clk 1:29:51]} R8c3
{[%clk 1:12:57]} 26. Qe2 {[%clk 1:29:55]} Rxb3 {[%clk 1:12:04]} 27. Qg4+
{[%clk 1:30:08]} Kf8 {[%clk 1:12:15]} 28. Qh4 {[%clk 1:30:10]} Bxd2
{[%clk 1:12:09]} 29. Qxf6 {[%clk 1:30:21]} Ba5 {[%clk 1:11:09]} 30. Qh8+
{[%clk 1:29:53]} Ke7 {[%clk 1:11:28]} 31. Rxc2 {[%clk 1:29:56]} Qxc2
{[%clk 1:11:46]} 32. Rg1 {[%clk 1:30:10]} Rb2 {[%clk 1:11:27]} 33. Kh1
{[%clk 1:30:22]} d4 0-1

[Event "World Chess Olympiad 2018"]
[Site "Batumi"]
[Date "2018.09.25"]
[Round "2"]
[Board "3"]
[WhiteFideId "6100538"]
[White "Ramos Efren Andres"]
[BlackFideId "16601491"]
[Black "Salvadora Angelo"]
[Result "1-0"]
[LiveChessVersion "1.4.8"]
[BlackElo "1772"]
[WhiteElo "2244"]

1. d4 {[%clk 1:30:09]} d5 {[%clk 1:29:44]} 2. c4 {[%clk 1:30:24]} Bf5
{[%clk 1:28:03]} 3. Nc3 {[%clk 1:29:53]} e6 {[%clk 1:27:53]} 4. Nf3
{[%clk 1:28:42]} f6 {[%clk 1:23:48]} 5. Nh4 {[%clk 1:25:17]} Bg4 {[%clk 1:23:17]}
6. h3 {[%clk 1:20:42]} Bh5 {[%clk 1:23:33]} 7. Qb3 {[%clk 1:19:06]} Nc6
{[%clk 1:20:49]} 8. cxd5 {[%clk 1:18:35]} exd5 {[%clk 1:16:54]} 9. e3
{[%clk 1:19:04]} Bb4 {[%clk 1:14:14]} 10. Bb5 {[%clk 1:18:40]} Bxc3+
{[%clk 1:13:37]} 11. bxc3 {[%clk 1:18:49]} Nge7 {[%clk 1:13:15]} 12. Ba3
{[%clk 1:18:27]} O-O {[%clk 1:09:55]} 13. g4 {[%clk 1:17:28]} Be8
{[%clk 1:08:18]} 14. Bxc6 {[%clk 1:08:00]} Bxc6 {[%clk 1:07:45]} 15. Nf5
{[%clk 1:04:44]} Nxf5 {[%clk 0:59:51]} 16. Bxf8 {[%clk 1:04:59]} Nxd4
{[%clk 0:59:15]} 17. cxd4 {[%clk 1:04:26]} Qxf8 {[%clk 0:59:12]} 18. O-O
{[%clk 0:48:20]} Qe8 {[%clk 0:58:20]} 19. Rac1 {[%clk 0:47:04]} Kh8
{[%clk 0:55:02]} 20. f3 {[%clk 0:41:55]} a5 {[%clk 0:55:01]} 21. Rfe1
{[%clk 0:41:42]} a4 {[%clk 0:54:52]} 22. Qd3 {[%clk 0:41:57]} Bb5
{[%clk 0:52:32]} 23. Qb1 {[%clk 0:37:42]} c6 {[%clk 0:52:05]} 24. e4
{[%clk 0:36:06]} Qb8 {[%clk 0:47:23]} 25. Kg2 {[%clk 0:36:06]} Qf4
{[%clk 0:44:10]} 26. exd5 {[%clk 0:35:51]} Qxd4 {[%clk 0:43:12]} 27. Rcd1
{[%clk 0:35:53]} Qb6 {[%clk 0:35:31]} 28. d6 {[%clk 0:36:02]} Rf8
{[%clk 0:32:36]} 29. d7 {[%clk 0:34:32]} Qd8 {[%clk 0:30:10]} 30. Qb4
{[%clk 0:34:41]} Rg8 {[%clk 0:28:56]} 31. Qd6 {[%clk 0:33:42]} c5
{[%clk 0:27:47]} 32. Qxc5 {[%clk 0:33:15]} Bc6 {[%clk 0:27:51]} 33. Re7
{[%clk 0:32:33]} h6 {[%clk 0:27:08]} 34. Qd6 {[%clk 0:32:40]} Bxd7
{[%clk 0:21:28]} 35. Rxd7 {[%clk 0:32:50]} Qe8 {[%clk 0:21:03]} 36. Qe7
{[%clk 0:31:48]} Qc8 {[%clk 0:20:59]} 37. Rc7 {[%clk 0:32:07]} Qa8
{[%clk 0:20:34]} 38. Rdd7 {[%clk 0:32:16]} Qa6 {[%clk 0:20:02]} 39. Rd8
{[%clk 0:32:33]} 1-0

[Event "World Chess Olympiad 2018"]
[Site "Batumi"]
[Date "2018.09.25"]
[Round "2"]
[Board "4"]
[WhiteFideId "16600614"]
[White "Cabuso Rustum"]
[BlackFideId "6600581"]
[Black "Tapia Alexei"]
[Result "0-1"]
[LiveChessVersion "1.4.8"]
[BlackElo "2193"]
[WhiteElo "1730"]

1. d4 {[%clk 1:30:52]} Nf6 {[%clk 1:30:49]} 2. Nf3 {[%clk 1:29:36]} e6
{[%clk 1:30:15]} 3. c4 {[%clk 1:27:01]} d5 {[%clk 1:28:59]} 4. Nc3
{[%clk 1:22:23]} Be7 {[%clk 1:27:31]} 5. Bd2 {[%clk 1:16:43]} O-O
{[%clk 1:24:18]} 6. e3 {[%clk 1:12:57]} c5 {[%clk 1:22:37]} 7. cxd5
{[%clk 1:03:52]} exd5 {[%clk 1:18:35]} 8. Be2 {[%clk 1:01:41]} Nc6
{[%clk 1:17:01]} 9. Bb5 {[%clk 0:53:46]} Bg4 {[%clk 1:13:39]} 10. h3
{[%clk 0:44:25]} Bxf3 {[%clk 1:12:19]} 11. Qxf3 {[%clk 0:42:48]} cxd4
{[%clk 1:11:43]} 12. Bxc6 {[%clk 0:38:30]} dxc3 {[%clk 1:11:45]} 13. Bxc3
{[%clk 0:33:00]} bxc6 {[%clk 1:12:03]} 14. O-O {[%clk 0:32:40]} Ne4
{[%clk 1:11:52]} 15. Rfc1 {[%clk 0:29:47]} Rb8 {[%clk 1:09:28]} 16. Qg4
{[%clk 0:25:52]} Nxc3 {[%clk 1:08:11]} 17. bxc3 {[%clk 0:23:55]} Rb2
{[%clk 1:07:30]} 18. Qa4 {[%clk 0:21:31]} Qb6 {[%clk 1:06:28]} 19. Qf4
{[%clk 0:17:22]} Rd8 {[%clk 1:05:51]} 20. g3 {[%clk 0:16:33]} h6 {[%clk 1:05:02]}
21. Qe5 {[%clk 0:15:24]} Bd6 {[%clk 1:04:58]} 22. Qd4 {[%clk 0:15:00]} c5
{[%clk 1:02:39]} 23. Qd3 {[%clk 0:13:10]} c4 {[%clk 1:01:19]} 24. Qd4
{[%clk 0:13:10]} Bc5 {[%clk 1:01:30]} 25. Qf4 {[%clk 0:13:13]} Re8
{[%clk 1:01:26]} 26. Re1 {[%clk 0:12:58]} Re6 {[%clk 1:01:26]} 27. g4
{[%clk 0:11:58]} Rf6 {[%clk 1:01:07]} 28. Qg3 {[%clk 0:10:54]} Rfxf2
{[%clk 0:58:53]} 29. Qxf2 {[%clk 0:08:32]} Rxf2 {[%clk 0:59:19]} 30. Kxf2
{[%clk 0:08:18]} Bxe3+ {[%clk 0:59:26]} 31. Kf3 {[%clk 0:08:17]} Bd2
{[%clk 0:59:09]} 32. Re8+ {[%clk 0:04:50]} Kh7 {[%clk 0:59:36]} 33. Rf1
{[%clk 0:04:52]} Qc6 {[%clk 0:59:27]} 34. Re5 {[%clk 0:03:48]} d4+
{[%clk 0:59:05]} 35. Re4 {[%clk 0:02:51]} dxc3 {[%clk 0:59:09]} 36. h4
{[%clk 0:02:35]} c2 {[%clk 0:59:19]} 37. g5 {[%clk 0:01:33]} c1=Q
{[%clk 0:59:21]} 38. Rxc1 {[%clk 0:01:34]} Bxc1 {[%clk 0:59:47]} 39. g6+
{[%clk 0:01:16]} Kxg6 {[%clk 0:59:49]} 40. h5+ {[%clk 0:31:14]} Kf5
{[%clk 1:30:08]} 0-1